000 00581nam a22001817a 4500
005 20251108164348.0
008 250721s1995 xx 000 0 ara d
082 1 4 _a398.80962/سمي
100 1 _aعبد الباقي، سمير
245 1 0 _aكتاب الشعر الثاني :
_bسبعة مجموعات شعرية و أزجال بالعامية المصرية /
264 1 _aالقاهرة :
_bالمؤلف،
_c1995.
300 _a400ص
650 1 7 _aالشعر العربي
650 1 7 _aالأدب الشعبي
650 1 7 _aمصر
942 _2ddc
_cBK
999 _c10309
_d10309